000
00294nam a22001337a 4500
008
170825b xxu||||| |||| 00| 0 eng d
020
_a
0671788558
041
_a
eng
080
_a
070
100
_a
40
101
_a
MED
245
_a
COMMUNICATION AT WORK
_c
ALESSANDRA.T
942
_2
udc
_c
BK
999
_c
25012
_d
25012